Methods of soil analysis

Gespeichert in:
Bibliographische Detailangaben
1. Verfasser: Klute, Arnold (VerfasserIn)
Format: Buch
Sprache:Englisch
Veröffentlicht: Madison American Society of Agronomy 1986
Madison Soil Science Society of America 1986
Ausgabe:1a. ed
Schriftenreihe:Agronomy, 9-1
Schlagworte:
Tags: Tag hinzufügen
Keine Tags, Fügen Sie den ersten Tag hinzu!

MARC

LEADER 00000nam a2200000 a 4500
001 UCK3906
003 CL-VaPUC
008 050513e19860000us |||||||||||||||||eng|d
020 |a 0891180885v.1 
082 0 4 |a 631.42  |b KLU  |2 21 
100 0 |a Klute, Arnold  |e author  |9 492272 
245 1 0 |a Methods of soil analysis 
250 |a 1a. ed 
300 |a v 
942 |c BK 
945 |d 20050513 00:00:00  |a cmena 
260 |a Madison  |b American Society of Agronomy  |c 1986 
260 |a Madison  |b Soil Science Society of America  |c 1986 
500 |a v.1: Physical and mineralogical methods 
650 0 |a Análisis de suelos   |9 524831 
650 0 |a Agua del suelo   |9 348474 
650 7 |a FISICA DE SUELOS  |2 CL-VaPUC  |9 492273 
650 0 |a Composición del suelo  |9 392557 
650 7 |a TEMPERATURA DEL SUELO  |2 CL-VaPUC  |9 357452 
650 0 |a Química del suelo  |9 360372 
583 |a last modification  |c 20171004 03:45:27  |k Rodrigo Vera 
490 0 |a Agronomy, 9-1 
999 |c 312951  |d 312949 
952 |0 0  |1 0  |4 0  |6 631_420000000000000_KLU_1986_1986  |7 0  |8 A  |9 383968  |a BIBAGR  |b BIBAGR  |d 2019-11-22  |h v.1  |i 4128354  |o 631.42 KLU 1986 1986  |p 4128354  |r 2025-01-20  |w 2019-11-22  |y BK  |k AGR